Hum Kissise Kum Naheen / (Record no. 46421)

MARC details
000 -LEADER
fixed length control field 01118njm a22002777a 4500
005 - DATE AND TIME OF LATEST TRANSACTION
control field 20100917115420.0
006 - FIXED-LENGTH DATA ELEMENTS--ADDITIONAL MATERIAL CHARACTERISTICS--GENERAL INFORMATION
fixed length control field a|||||r|||||00| 0
007 - PHYSICAL DESCRIPTION FIXED FIELD--GENERAL INFORMATION
fixed length control field sd ammalaaahaa
008 - FIXED-LENGTH DATA ELEMENTS--GENERAL INFORMATION
fixed length control field 100907t xxu||||| |||| 00| 0 eng d
028 ## - PUBLISHER NUMBER
Publisher number PEALP. 2005
Source His Master's Voice
035 ## - SYSTEM CONTROL NUMBER
System control number GR-03356
100 ## - MAIN ENTRY--PERSONAL NAME
Personal name Mohd Rafi
9 (RLIN) 18693
245 ## - TITLE STATEMENT
Title Hum Kissise Kum Naheen /
Statement of responsibility, etc by Mohd Rafi ; music by Rahul Dev Burman ; lyric by Majrooj
Medium [Sound recording]
246 ## - VARYING FORM OF TITLE
Title proper/short title हम किस्सिसे कम नहीं /
260 ## - PUBLICATION, DISTRIBUTION, ETC. (IMPRINT)
Place of publication, distribution, etc Dum Dum, India
Name of publisher, distributor, etc His Master's Voice
Date of publication, distribution, etc 1977
300 ## - PHYSICAL DESCRIPTION
Extent 1 sound disc [Gramophone Recording]
Other physical details analog, 33 1/3rpm ;
Dimensions 12 in. (LP)
Type of unit Gramaphone Records
500 ## - GENERAL NOTE
General note Brief record
500 ## - GENERAL NOTE
General note Record lables : His Master's Voice, Red
505 ## - FORMATTED CONTENTS NOTE
Formatted contents note Side-1 (Chand Mera Dil) (Mohd Rafi),--Side-2 (Bachna Ae Haseeno) (Kishore Kumar)
600 ## - SUBJECT ADDED ENTRY--PERSONAL NAME
Source of heading or term Mohd Rafi
650 ## - SUBJECT ADDED ENTRY--TOPICAL TERM
Topical term or geographic name as entry element Classicals Music
General subdivision Excerpts
Geographic subdivision India
9 (RLIN) 18694
700 ## - ADDED ENTRY--PERSONAL NAME
Personal name Burman, Rahul Dev
9 (RLIN) 20482
700 ## - ADDED ENTRY--PERSONAL NAME
Personal name Majrooj
9 (RLIN) 20483
942 ## - ADDED ENTRY ELEMENTS (KOHA)
Source of classification or shelving scheme Dewey Decimal Classification
Item type Gramaphone Records
Holdings
Withdrawn status Lost status Source of classification or shelving scheme Damaged status Not for loan Collection code Home library Current library Date acquired Cost, normal purchase price Total Checkouts Barcode Date last seen Copy number Price effective from Koha item type
    Dewey Decimal Classification   Not For Loan Non-fiction Central Library Central Library 17/09/2010 1.00   GR-03356 17/09/2010 SED/VEN 17/09/2010 Gramaphone Records

© Delhi Public Library
Hit Counter
free hit counter